[Event "AUTO-MASTER-1989"]
[Site "http://www.queenalice.com/game.php?id=1236392"]
[Date "2013.11.29"]
[Round "1"]
[White "xerxe"]
[Black "Felipe162503"]
[Result "0-1"]
[WhiteElo "1912"]
[BlackElo "2052"]

1. e4 e5 2. Nf3 Nc6 3. Bb5 a6 4. Ba4 Nf6 5. O-O b5 6. Bb3 h6 7. c3 d6 8. d4 exd4
9. Nxd4 Bb7 10. Re1 Be7 11. a4 Nxd4 12. Qxd4 c5 13. Qd1 Bxe4 14. Qe2 Bc6 15.
axb5 Bxb5 16. Qe3 Ra7 17. Qg3 Kf8 18. Nd2 Nh7 19. Nf3 Bf6 20. Bf4 Be7 21. Rad1
Rd7 22. Bd5 Nf6 23. c4 Ba4 24. Rd3 Nxd5 25. Rxd5 Bc6 26. Rd3 g5 27. Bd2 f5 28.
Bc3 Rh7 29. Nd2 Bf6 30. Nb1 Be4 31. Rde3 f4 32. Qg4 fxe3 33. Rxe3 Bxb1 34. Qf3
Rhf7 35. Qh5 Bxc3 0-1

[Event "AUTO-MASTER-1989"]
[Site "http://www.queenalice.com/game.php?id=1236405"]
[Date "2013.11.29"]
[Round "1"]
[White "xerxe"]
[Black "carver"]
[Result "1-0"]
[WhiteElo "1907"]
[BlackElo "2005"]

1. e4 e5 2. Nf3 Nc6 3. Bb5 d6 4. c3 a6 5. Ba4 b5 6. Bb3 Bg4 7. d4 Nf6 8. Qd3
Bxf3 9. Qxf3 exd4 10. Bg5 Ne5 11. Qf5 d3 12. Nd2 Be7 13. O-O c5 14. c4 bxc4 15.
Nxc4 Nxc4 16. Bxc4 O-O 17. Rad1 h6 18. Bh4 Ra7 19. Rxd3 Nd7 20. Bg3 Bf6 21. Bxd6
Re8 22. Re1 Qc8 23. Rd5 Nb6 24. Bxc5 Qxf5 25. Rxf5 Nxc4 26. Bxa7 Nxb2 27. Rd5 a5
28. Bd4 Nd3 29. Re3 Bxd4 30. Rxd4 Rc8 31. Rexd3 1-0

[Event "AUTO-MASTER-1989"]
[Site "http://www.queenalice.com/game.php?id=1236406"]
[Date "2013.11.29"]
[Round "1"]
[White "carver"]
[Black "xerxe"]
[Result "1-0"]
[WhiteElo "1954"]
[BlackElo "1902"]

1. d4 d5 2. c4 c6 3. Nc3 Nf6 4. Nf3 g6 5. Bf4 Bg7 6. e3 O-O 7. Bg3 Nh5 8. Ne2
Nxg3 9. Nxg3 Qc7 10. Rc1 e5 11. cxd5 Qa5+ 12. Qd2 Qxd2+ 13. Kxd2 exd4 14. Nxd4
Bxd4 15. exd4 cxd5 16. Bb5 Bd7 17. Bxd7 Nxd7 18. Rhe1 Nb6 19. b3 Rac8 20. Re7
Rxc1 21. Kxc1 Rb8 22. Ne2 Kf8 23. Rc7 Ke8 24. Nc3 h5 25. a4 a5 26. Nb5 Rc8 27.
Nd6+ Kd8 28. Rxc8+ Nxc8 29. Nxb7+ Kc7 30. Nxa5 Kb6 31. b4 Nd6 32. Kc2 Ne4 33. f3
Ng5 34. Nb3 f5 35. Nc5 Nf7 36. Nd7+ 1-0

[Event "AUTO-MASTER-1989"]
[Site "http://www.queenalice.com/game.php?id=1236407"]
[Date "2013.11.29"]
[Round "1"]
[White "xerxe"]
[Black "furoscame"]
[Result "0-1"]
[WhiteElo "1945"]
[BlackElo "2091"]

1. d4 f5 2. Nf3 Nf6 3. c4 e6 4. Bg5 Be7 5. e3 O-O 6. Bd3 d5 7. c5 Ne4 8. Bxe7
Qxe7 9. Ne5 Nd7 10. f4 Nxe5 11. fxe5 Qh4+ 12. Ke2 Qf2# 0-1

[Event "AUTO-MASTER-1989"]
[Site "http://www.queenalice.com/game.php?id=1236408"]
[Date "2013.11.29"]
[Round "1"]
[White "furoscame"]
[Black "xerxe"]
[Result "1-0"]
[WhiteElo "2101"]
[BlackElo "1935"]

1. e4 c6 2. Nf3 d5 3. Nc3 Bg4 4. h3 Bh5 5. exd5 cxd5 6. Bb5+ Nc6 7. g4 Bg6 8.
Ne5 Qd6 9. d4 Nf6 10. Bf4 Qe6 11. O-O O-O-O 12. Nxc6 bxc6 13. Ba6+ Kd7 14. Na4
Ne4 15. f3 h5 16. fxe4 Qxe4 17. Nc5+ 1-0

[Event "Challenge n° 05"]
[Site "http://www.queenalice.com/game.php?id=1254102"]
[Date "2014.2.6"]
[Round "-"]
[White "Lintz"]
[Black "xerxe"]
[Result "1-0"]
[WhiteElo "1992"]
[BlackElo "1750"]

1. e4 c5 2. Nf3 Nc6 3. c3 d5 4. exd5 Qxd5 5. Be2 e5 6. d3 Nf6 7. O-O Bf5 8. c4
Qd7 9. Nc3 Bd6 10. a3 O-O 11. Re1 Rfe8 12. b3 a6 13. Na4 Qc7 14. Be3 Ne7 15. g3
b5 16. cxb5 axb5 17. Nb2 Rad8 18. Qc1 e4 19. dxe4 Nxe4 20. Bf4 Ng6 21. Bxd6 Rxd6
22. Bxb5 Rb8 23. Bc4 Rf6 24. Nd2 Nxd2 25. Qxd2 Bh3 26. Qd5 Rd8 27. Qe4 Rd4 28.
Qa8+ Nf8 29. Re8 Qd6 30. Rae1 Rd2 31. Nd3 Be6 32. Rd8 Qe7 33. Re8 Qd6 34. Nf4 h6
35. Bxe6 fxe6 36. R8xe6 Rxe6 37. Nxe6 Qe7 38. Qxf8+ Qxf8 39. Nxf8 Kxf8 40. a4
Rb2 41. Re3 Rc2 42. Kg2 Kf7 43. g4 Kf6 44. h4 g6 45. Kg3 Rd2 46. f4 Rd5 47. Rc3
Ke6 48. Kf3 Kd6 49. Ke4 1-0

[Event "Challenge n° 06"]
[Site "http://www.queenalice.com/game.php?id=1254103"]
[Date "2014.2.6"]
[Round "-"]
[White "xerxe"]
[Black "Lintz"]
[Result "0-1"]
[WhiteElo "1912"]
[BlackElo "1877"]

1. e4 e5 2. Nc3 c6 3. Bc4 Nf6 4. d3 Be7 5. f4 d6 6. Nf3 a5 7. a3 exf4 8. Bxf4
O-O 9. Qe2 b5 10. Ba2 Bb7 11. O-O-O b4 12. axb4 axb4 13. Bb3 bxc3 14. bxc3 Ra1+
15. Kb2 Rxd1 16. Rxd1 Qc7 17. Ra1 Ba6 18. Ng5 Qd8 19. Qf3 c5 20. Qh3 Bc8 21. Qh4
h6 22. Nf3 Nxe4 23. Qg4 Bxg4 0-1

[Event "7 days Challenge"]
[Site "http://www.queenalice.com/game.php?id=1263810"]
[Date "2014.3.10"]
[Round "-"]
[White "xerxe"]
[Black "alexferreira"]
[Result "0-1"]
[WhiteElo "1872"]
[BlackElo "1972"]

1. e4 g6 2. d4 Bg7 3. f4 d6 4. Nf3 Bg4 5. h3 Bxf3 6. gxf3 Nf6 7. Nc3 O-O 8. Be3
Nbd7 9. Qd2 Nb6 10. O-O-O Nc4 11. Qf2 Nxe3 12. Qxe3 Nd7 13. h4 Nf6 14. f5 Qd7
15. fxg6 fxg6 16. Bc4+ Kh8 0-1

[Event "7 days Challenge"]
[Site "http://www.queenalice.com/game.php?id=1263811"]
[Date "2014.3.10"]
[Round "-"]
[White "alexferreira"]
[Black "xerxe"]
[Result "1-0"]
[WhiteElo "1984"]
[BlackElo "1860"]

1. d4 Nf6 2. g3 d5 3. Bg2 Bf5 4. Nf3 e6 5. O-O Bd6 6. Bg5 Nbd7 7. c3 O-O 8. Nbd2
c5 9. dxc5 Bxc5 10. Nb3 Bb6 11. Nfd2 Qc7 12. Bxf6 Nxf6 13. Nd4 Bg6 14. Re1 a6
15. e3 Rac8 16. N4b3 1-0

[Event "AUTO-ADV-3016"]
[Site "http://www.queenalice.com/game.php?id=1269589"]
[Date "2014.4.1"]
[Round "2"]
[White "Strogonoff"]
[Black "xerxe"]
[Result "0-1"]
[WhiteElo "1868"]
[BlackElo "1827"]

1. e4 c5 2. Nf3 Nc6 3. Bb5 a6 4. Bxc6 dxc6 5. Nc3 Bg4 6. h3 Bxf3 7. Qxf3 e5 8.
d3 Nf6 9. Bg5 Be7 10. O-O O-O 11. Qg3 Qd7 12. Bh6 Nh5 13. Qf3 Nf6 14. Qg3 Nh5
15. Qf3 gxh6 16. Qxh5 Qe6 17. f4 c4 18. fxe5 Bc5+ 19. Kh1 cxd3 20. cxd3 Rad8 21.
Rf3 Bd4 22. Rg3+ Kh8 23. Qf5 Qxe5 24. Rb1 Qxg3 0-1

[Event "AUTO-ADV-3016"]
[Site "http://www.queenalice.com/game.php?id=1269590"]
[Date "2014.4.1"]
[Round "2"]
[White "xerxe"]
[Black "Strogonoff"]
[Result "0-1"]
[WhiteElo "1845"]
[BlackElo "1785"]

1. c4 e5 2. Nc3 Bb4 3. e3 Bxc3 4. bxc3 Nc6 5. d3 d5 6. cxd5 Qxd5 7. c4 Qd8 8.
Be2 Nf6 9. Nf3 O-O 10. O-O Bg4 11. Rb1 b6 12. Bb2 Re8 0-1

[Event "AUTO-OPEN-3273"]
[Site "http://www.queenalice.com/game.php?id=1288823"]
[Date "2014.6.17"]
[Round "1"]
[White "breizatao"]
[Black "xerxe"]
[Result "1-0"]
[WhiteElo "2387"]
[BlackElo "1843"]

1. Nf3 d5 2. d4 Nf6 3. e3 e6 4. Bd3 Be7 5. O-O O-O 6. Nbd2 Nbd7 7. c3 c5 8. Re1
c4 9. Bc2 b5 10. e4 Bb7 11. e5 Ng4 12. Nf1 f6 13. exf6 Ndxf6 14. h3 Nxf2 15.
Kxf2 Ne4+ 16. Kg1 Bh4 17. Re2 Qd6 18. Nxh4 e5 19. Nf3 Qg6 20. Nxe5 Qe6 21. Bxe4
dxe4 22. Ng3 Rae8 23. Nxe4 Rf5 24. Qc2 Ref8 25. Ng3 1-0

[Event "AUTO-OPEN-3273"]
[Site "http://www.queenalice.com/game.php?id=1288824"]
[Date "2014.6.17"]
[Round "1"]
[White "xerxe"]
[Black "breizatao"]
[Result "0-1"]
[WhiteElo "1845"]
[BlackElo "2386"]

1. e4 e5 2. Nf3 d6 3. Bc4 Be7 4. O-O Nf6 5. Nc3 O-O 6. a3 c6 7. b4 d5 8. exd5
cxd5 9. Bb3 e4 10. Nd4 Nc6 11. Nxc6 bxc6 12. Bb2 Bd6 13. d3 Bxh2+ 14. Kxh2 Ng4+
15. Kg3 Qg5 16. dxe4 Ne3+ 17. Kh2 Qxg2# 0-1

[Event "AUTO-OPEN-3273"]
[Site "http://www.queenalice.com/game.php?id=1288851"]
[Date "2014.6.17"]
[Round "1"]
[White "heliosafo"]
[Black "xerxe"]
[Result "1-0"]
[WhiteElo "1793"]
[BlackElo "1813"]

1. e4 e5 2. Bc4 Nf6 3. d3 Bc5 4. Nf3 d6 5. h3 O-O 6. O-O Be6 7. Bxe6 fxe6 8. c4
Nc6 9. a3 a5 10. Nc3 Nd4 11. Nxd4 Bxd4 12. Ne2 c6 13. Nxd4 exd4 14. Bg5 Qb6 15.
Rb1 d5 16. exd5 exd5 17. Bxf6 Rxf6 18. cxd5 c5 19. Qh5 Qd6 20. Rfe1 Raf8 21. f3
Qg3 22. Rf1 g6 23. Qg4 Qe5 24. Qe4 1-0

[Event "AUTO-OPEN-3273"]
[Site "http://www.queenalice.com/game.php?id=1288852"]
[Date "2014.6.17"]
[Round "1"]
[White "xerxe"]
[Black "heliosafo"]
[Result "0-1"]
[WhiteElo "1796"]
[BlackElo "1810"]

1. e4 e5 2. Nc3 Bc5 3. Bc4 Qf6 4. Nf3 d6 5. O-O Bg4 6. Nd5 Qd8 7. b4 Bd4 8. c3
Bb6 9. Bb2 c6 10. Ne3 Bxe3 11. dxe3 Nf6 12. h3 Bxf3 13. Qxf3 O-O 14. Qf5 b5 15.
Bb3 a5 16. a4 axb4 17. cxb4 g6 18. Qf3 Na6 19. Bc3 c5 20. axb5 Nxb4 21. Qe2 Nxe4
22. Bb2 Rxa1 23. Rxa1 Qb6 0-1

[Event "AUTO-OPEN-3273"]
[Site "http://www.queenalice.com/game.php?id=1288871"]
[Date "2014.6.17"]
[Round "1"]
[White "xerxe"]
[Black "Raiman"]
[Result "0-1"]
[WhiteElo "1742"]
[BlackElo "2263"]

1. e4 g6 2. d4 Bg7 3. Nf3 d6 4. Bc4 Nf6 5. Nc3 O-O 6. O-O c6 7. Re1 b5 8. Bb3 a5
9. a4 b4 10. Na2 Na6 11. c3 Bb7 12. Bc4 Nc7 13. cxb4 c5 14. bxc5 Nxe4 15. cxd6
Nxd6 16. Be2 Nf5 17. Bf4 Ne6 18. Qd2 Nfxd4 19. Ne5 Bxe5 20. Bxe5 Nf3+ 21. Bxf3
Qxd2 22. Bxb7 Rad8 23. Nc3 Nc5 24. Bc6 Nd3 25. Re2 Qxe2 26. Nxe2 Nxe5 27. Bb5
Rd2 28. b3 Rfd8 0-1

[Event "AUTO-OPEN-3273"]
[Site "http://www.queenalice.com/game.php?id=1288872"]
[Date "2014.6.17"]
[Round "1"]
[White "Raiman"]
[Black "xerxe"]
[Result "1-0"]
[WhiteElo "2262"]
[BlackElo "1744"]

1. b3 d5 2. e3 g6 3. Bb2 Nf6 4. Nf3 Bg7 5. Be2 O-O 6. O-O Nc6 7. c4 e5 8. d4 e4
9. Nc3 dxc4 10. Nd2 Re8 11. bxc4 Bf5 12. a3 Qe7 13. g4 Bd7 14. g5 Nh5 15. Ndxe4
f5 16. gxf6 Nxf6 17. Nxf6+ Qxf6 18. Nd5 Qg5+ 19. Kh1 Bh3 20. Rg1 Qf5 21. Nxc7
Rf8 22. Nxa8 Qxf2 23. Rg3 Bf5 24. Bf3 Qxb2 25. Nc7 Rd8 26. Nd5 b5 27. Rg2 Qxg2+
28. Kxg2 bxc4 29. Qa4 1-0

[Event "AUTO-ADV-3168"]
[Site "http://www.queenalice.com/game.php?id=1288982"]
[Date "2014.6.17"]
[Round "1"]
[White "xerxe"]
[Black "Pagano"]
[Result "0-1"]
[WhiteElo "1771"]
[BlackElo "2072"]

1. e4 c6 2. Nf3 d5 3. exd5 cxd5 4. d4 Bg4 5. Bb5+ Nd7 6. O-O Nf6 7. b3 e6 8. c4
a6 9. Bxd7+ Qxd7 10. Bg5 Ne4 11. Bf4 Bb4 12. Ne5 Bxd1 13. Nxd7 Bxb3 14. Nb6 Bxc4
15. Nxa8 Ba5 16. Rc1 Kd7 17. Na3 b5 0-1

[Event "AUTO-ADV-3168"]
[Site "http://www.queenalice.com/game.php?id=1288983"]
[Date "2014.6.17"]
[Round "1"]
[White "Pagano"]
[Black "xerxe"]
[Result "1-0"]
[WhiteElo "1989"]
[BlackElo "1841"]

1. e4 e5 2. f4 exf4 3. Nf3 Nc6 4. Bc4 Bd6 5. d4 Nge7 6. e5 Bb4+ 7. c3 Ba5 8.
Bxf4 a6 9. d5 b5 10. Bb3 Na7 11. d6 cxd6 12. exd6 Nf5 13. Qd5 O-O 14. Qxf5 Re8+
15. Be5 Bb7 16. Qxf7+ Kh8 17. Qxg7# 1-0

[Event "AUTO-ADV-3168"]
[Site "http://www.queenalice.com/game.php?id=1288984"]
[Date "2014.6.17"]
[Round "1"]
[White "xerxe"]
[Black "Dcar"]
[Result "0-1"]
[WhiteElo "1767"]
[BlackElo "1748"]

1. e4 e5 2. f4 Nc6 3. fxe5 Nxe5 4. Qh5 d6 5. d4 Nc6 6. Bb5 a6 7. Ba4 b5 8. Bb3
g6 9. Qd1 Bg7 10. Nf3 Nf6 11. Nc3 O-O 12. O-O Na5 0-1

[Event "AUTO-ADV-3168"]
[Site "http://www.queenalice.com/game.php?id=1288985"]
[Date "2014.6.17"]
[Round "1"]
[White "Dcar"]
[Black "xerxe"]
[Result "1-0"]
[WhiteElo "1770"]
[BlackElo "1831"]

1. Nf3 d5 2. d4 Nf6 3. g3 Bg4 4. Bg2 e6 5. O-O c5 6. Ne5 Nc6 7. Nxg4 Nxg4 8. c3
cxd4 9. cxd4 Bd6 10. Nc3 O-O 11. Nb5 Be7 12. e3 1-0

[Event "AUTO-ADV-3168"]
[Site "http://www.queenalice.com/game.php?id=1288986"]
[Date "2014.6.17"]
[Round "1"]
[White "xerxe"]
[Black "Nostahlgico"]
[Result "0-1"]
[WhiteElo "1781"]
[BlackElo "2046"]

1. e4 e5 2. Nc3 Nf6 3. f4 d5 4. fxe5 Nxe4 5. d4 Bb4 6. Qf3 O-O 7. Bd2 Nxd2 8.
Kxd2 Qg5+ 9. Qe3 Bxc3+ 10. bxc3 Qxe3+ 11. Kxe3 f6 12. Nf3 fxe5 13. Nxe5 Nd7 14.
Nxd7 Bxd7 15. c4 Rae8+ 16. Kd2 Rf2+ 17. Kc1 Re1+ 18. Kb2 Rxc2+ 19. Kxc2 Rxa1 20.
Kb2 Re1 21. c5 Bb5 0-1

[Event "AUTO-ADV-3168"]
[Site "http://www.queenalice.com/game.php?id=1288987"]
[Date "2014.6.17"]
[Round "1"]
[White "Nostahlgico"]
[Black "xerxe"]
[Result "1-0"]
[WhiteElo "2051"]
[BlackElo "1776"]

1. e4 e5 2. Nf3 Nc6 3. Bb5 a6 4. Ba4 Nf6 5. O-O Nxe4 6. Re1 b5 7. Rxe4 bxa4 8.
Nxe5 Nxe5 9. Rxe5+ Be7 10. Qf3 d6 11. Re1 O-O 12. Qxa8 Qd7 13. Qe4 Bf6 14. c3 c5
15. d4 Bb7 16. d5 Qb5 17. Na3 Qa5 18. Nc4 Qc7 19. Bf4 h6 20. Bxd6 Qd7 21. Bxf8
Kxf8 22. Qh7 1-0